Ground covers /

Bibliographic Details
Other Authors: Bennett, Jennifer, Scythes, Marta
Format: Book
Language:English
Published: Camden East, Ont. : Camden House, [1987]
Series:Harrowsmith gardener's guide.
Subjects:

MARC

Tag First Indicator Second Indicator Subfields
LEADER 00000cam a2200000 a 4500
001 in00000016513
005 20151007052806.0
008 870209s1987 oncab 00100 eng d
010 |a cn 87093548  
015 |a C87-93548-8 
020 |a 0920656684 
035 |a (OCoLC)16173451 
035 |9 AAA9203AM 
040 |a CaOTU  |b eng  |c NLC  |d TXA  |d UtOrBLW 
049 |a TXAM  |c [A12608829] 
050 4 |a SB432  |b .G76 1987 
082 0 |a 635.9/64  |2 19 
245 0 0 |a Ground covers /  |c edited by Jennifer Bennett ; illustrations by Marta Scythes. 
264 1 |a Camden East, Ont. :  |b Camden House,  |c [1987] 
264 4 |c ©1987 
300 |a 96 pages :  |b illustrations (some color), maps ;  |c 23 cm. 
336 |a text  |b txt  |2 rdacontent 
337 |a unmediated  |b n  |2 rdamedia 
338 |a volume  |b nc  |2 rdacarrier 
490 1 |a A Harrowsmith gardener's guide 
500 |a Includes index. 
650 0 |a Ground cover plants. 
650 0 |a Lawns. 
700 1 |a Bennett, Jennifer. 
700 1 |a Scythes, Marta. 
830 0 |a Harrowsmith gardener's guide. 
999 |a MARS 
999 f f |s 5cf54d6a-91ba-37ff-b574-87551b361abf  |i 182936f9-5fa7-3b4d-b3f5-8895796c948c  |t 0 
952 f f |p ric  |a Texas A&M University  |b Rellis Campus  |c Joint Library Facility  |d Remote Storage  |t 0  |e SB432 .G76 1987  |h Library of Congress classification  |i unmediated -- volume  |m A14812608829 
998 f f |a SB432 .G76 1987  |t 0  |l Remote Storage